000 00487nam a2200181Ia 4500
008 230917s9999||||xx |||||||||||||| ||und||
020 _cRS525
040 _e255645
_aMAIN
041 _aEnglish
082 _a570.0285 H668B(2)
100 _aHodgman, T Charlie
245 0 _aBioinformatics: BIOS instant notes
250 _a2nd ed.
260 _aNew York
_bGarland Science
_c2015
300 _aviii, 340 p.
500 _a3472 08/05/2019 PBA19/56 09/05/2019 Main Budget
942 _cBK
999 _c31256
_d31256